00245nam a2200097Ia 4500008004100000100001900041245003400060260003100094942000700125999001500132190216s9999||||xx |||||||||||||| ||und|| aDonald Cousins 0aTeach Your Self Book- Keeping bThe English Language Books cBK c3817d3817